Computer networks

Αποθηκεύτηκε σε:
Λεπτομέρειες βιβλιογραφικής εγγραφής
Κύριος συγγραφέας: Tanenbaum, Andrew S., 1944-
Μορφή: Βιβλίο
Γλώσσα:English
Δημοσίευση: Upper Saddle River, N.J. : Prentice Hall PTR, c2003.
Έκδοση:4η εκδ.
Θέματα:
Ετικέτες: Προσθήκη ετικέτας
Δεν υπάρχουν, Καταχωρήστε ετικέτα πρώτοι!

MARC

LEADER 00000cam a2200000 i 4500
001 1/34756
008 030326s2003 nju| ||| ||| ||eng||
020 |a 0130384887 
035 |l 10069756 
040 |a GR-MyUa  |b gre  |e AACR2 
041 0 |a eng 
082 7 |a 004.6   |2 (22) 
100 1 |a Tanenbaum, Andrew S.,   |d 1944- 
245 1 0 |a Computer networks /   |c Andrew S. Tanenbaum.  
250 |a 4η εκδ.  
260 |a Upper Saddle River, N.J. :   |b Prentice Hall PTR,   |c c2003.  
300 |a xx, 891 σ. :   |b εικ. ;   |c 24 εκ.  
504 |a Περιέχει βιβλιογραφικές παραπομπές και ευρετήριο.  
650 0 |a Computer networks. 
767 0 8 |i Μεταφρασμένο ως:   |t Δίκτυα υπολογιστών /  
852 |a INST  |b SAMOS  |e 20071204  |h 004.6 TAN  |p 005300027554  |q 005300027554  |t BK  |y 0 
852 |a INST  |b SYROS  |e 20030326  |h 004.6 TAN  |p 005500002455  |q 005500002455  |t BK  |y 0 
901 |a BIBL3-2007-3 
901 |a BIBL5-2003-1 
922 |a 3ΕΛΗ  |b 200711  |c ΕΠΕΑΕΚ2/ΤΜΠΕΣ  |d Ελευθερουδάκης 
970 |a Καγιαβά  |b Ειρήνη  |z 26/03/2003